Democracia rural cede terreno al latifundio /
Spremljeno u:
| Glavni autor: | |
|---|---|
| Format: | Tekst |
| Oznake: |
Dodaj oznaku
Bez oznaka, Budi prvi tko označuje ovaj zapis!
|
MARC
| LEADER | 00000 a a2200000 04500 | ||
|---|---|---|---|
| 001 | 1319 | ||
| 003 | |||
| 040 | |||
| 100 | |a Morales Gamboa, Abelardo | ||
| 245 | |a Democracia rural cede terreno al latifundio / |c Abelardo Morales Gamboa | ||
| 773 | |g número 19; páginas 10-12 | ||
| 999 | |c 37168 |d 37168 | ||
